000
00210 a2200097 4500
001
42674
100
_a
Grenfell
245
_a
The Bismarck episode
260
_a
London
_b
Faber & Faber
_c
090
_c
26569
_d
26569
942
_a
NUST-CAE
_c
M
_c
18412
999
_c
277747
_d
277747